Památnosti mého podomování

Titel: Památnosti mého podomování / Alois Beer
Verfasser:
Ausgabe: 1. vyd.
Veröffentlicht: Hradec Králové : Kruh, 1978
Umfang: 161 S. : Ill.
Format: Buch
Sprache: Tschechisch
RVK-Notation:
Schlagworte:
Kein Bild verfügbar
X
Lokale Klassifikation: 2 B 1163 ; 23 7 J
alg: 10188879
001A    $03004:06-12-01 
001B    $01999:19-05-23 $t21:04:08.000 
001C    $03004:19-02-10 $t10:28:46.000 
001D    $03004:06-12-01 
001U    $0utf8 
001X    $00 
002@    $0Aau 
003@    $0101888791 
003O    $006089756 $aOCoLC 
007A    $0101888791 $aHEB 
010@    $acze 
011@    $a1978 
013H    $0z 
021A    $aPamátnosti mého podomování $hAlois Beer 
028A    $D20220215 $Ecgwrk $7122491084 $8Beer, Alois$Z1840-1916 [Tp1] $9094767734 
032@    $a1. vyd. 
033A    $pHradec Králové $nKruh 
034D    $a161 S. 
034M    $aIll. 
044K    $7122491084 $8Beer, Alois$Z1840-1916 [Tp1] $9094767734 
045F    $a900.9437109034 $eDDC23BSB 
045F/01 $a900 
045F/03 $f09034 
045F/03 $f09041 
045F/03 $g4371 
045Z    $8LI 99999 [Tkv] $9409939021 

lok: 10188879 24
101B    $005-12-02 $t17:49:34.735 
101C    $006-12-01 
145Z/01 $a2 B 1163 
145Z/02 $a23 7 J 
101U    $0utf8 

exp: 10188879 24 1 #EPN
201B/01 $013-03-12 $t13:37:41.000 
201C/01 $006-12-01 
201U/01 $0utf8 
203@/01 $016580484X 
208@/01 $a06-12-01 $br 
209A/01 $a2 B 1163 $du $f050 $h2 B 1163 $x00 
209C/01 $aK 80.2495 $h80 2495 K 
209G/01 $a70516683 $x00 
244Z/01 $7122491084 $8--Tp1--Beer, Alois$Z1840-1916 $x01 $9094767734 
247C/01 $8358050-7 Marburg, Bibliothek des Herder-Instituts Marburg $9102600961
LEADER 00000cam a2200000 c 4500
001 101888791
003 DE-603
005 20230519210408.0
007 tu
008 011206s1978 xx |||| | u00||u|cze c
035 |a (DE-599)HEB101888791 
035 |a (OCoLC)06089756 
040 |a DE-603  |b ger  |c DE-603  |d DE-603 
041 |a cze 
082 0 4 |8 1\u  |a 900.9437109034  |q DE-101  |2 23/BSB 
084 |a LI 99999  |0 (DE-625)97471:  |0 (DE-603)409939021  |2 rvk 
085 |8 1\u  |b 900 
085 |8 1\u  |z 1  |s 09034 
085 |8 1\u  |z 1  |s 09041 
085 |8 1\u  |z 2  |s 4371 
100 1 |a Beer, Alois  |d 1840-1916  |0 (DE-603)094767734  |0 (DE-588)122491084  |2 gnd 
245 0 0 |a Památnosti mého podomování  |c Alois Beer 
250 |a 1. vyd. 
264 1 |a Hradec Králové  |b Kruh  |c 1978 
300 |a 161 S.  |b Ill. 
600 1 7 |a Beer, Alois  |d 1840-1916  |0 (DE-588)122491084  |0 (DE-603)094767734  |2 gnd 
924 0 |9 Mb 50  |a (DE-603)16580484X  |b DE-Mb50  |c HES  |d c  |g 2 B 1163